000 00838nam a2200265Ia 4500
003 OSt
005 20220927114937.0
006 a|||||r|||| 00| 0
007 ta
008 220926b |||||||| |||| 00| 0 eng d
024 _a61392
037 _cThesis and Dissertations
040 _aRTL
_cRTL
_beng
041 _2eng
_aeng
082 _a"X64.4.N9, N6"
100 _aDilbag Singh
_9389770
110 _aUniversity Of Delhi. Faculty Of Management
_9389771
245 0 _aFinancial liberalisation and capital market reform
260 _aDelhi
_bUniversity of Delhi India
_c1996
300 _aVP
_ccm.
650 _aMoney Markets
_9351417
700 _aUniversity Of Delhi. Faculty Of Management
_9389772
942 _h"X64.4.N9, N6"
_cCC
999 _c705293
_d705293